| 000 | 01371nam a22002777a 4500 | ||
|---|---|---|---|
| 001 | EPSA 0273 | ||
| 003 | gtcocun | ||
| 005 | 20250919163727.0 | ||
| 006 | a||||gr|||| 00| 0 | ||
| 007 | ta | ||
| 008 | 250919b2024 gt ||||| m||| 00| 0 eng d | ||
| 040 |
_agtcocun _bSPA _cgtcocun _eRDA |
||
| 041 | _aSPA EPSA 0273 | ||
| 084 | _0 EPSA 0273 | ||
| 100 |
_aJuc Jor, Franklin Gustavo _eAutor |
||
| 245 |
_aINFORME FINAL DEL EJERCICIO PROFESIONAL SUPERVISADO, REALIZADO EN AKALTIC, TACTIC, ALTA VERAPAZ/ _cFranklin Gustavo Juc Jor. _hImpreso |
||
| 264 |
_aCobán, Alta Verapaz: _bUniversidad de San Carlos de Guatemala, Centro Universitario del Norte, Licenciatura en Administración de Empresas _c2024 |
||
| 300 |
_a53 p.: _bIlustraciones, gráficas. _c28 cm; |
||
| 502 | _eEPSA 0273 | ||
| 502 |
_aEjercicio Profesional Supervisado _bLicenciatura en Administración de Empresas, _cUniversidad de San Carlos de Guatemala, Centro Universitario del Norte, Licenciatura en Administración de Empresas _d2024 _oEPSA 0273 |
||
| 650 |
_2LEMB _aTactic, Alta Verapaz _xAdministración _xEstrategias _xCapital humano _xPlanificación _xProcesos _xRiesgos _xDiagnóstico |
||
| 700 |
_aLcda. Gladis Margarita Cacao Requena _eAsesor |
||
| 856 |
_uSin archivo en línea. _zSin archivo en línea. |
||
| 942 |
_2ddc _cTES _iEPSA 0273 _kClasificación _n0 _6EPSA_0273_000000000000000 |
||
| 999 |
_c1982 _d1982 |
||